书目信息 |
| 题名: |
药用植物种质资源研究
|
|
| 作者: | 黄璐琦 , 王永炎 主编 | |
| 分册: | ||
| 出版信息: | 上海 上海科学技术出版社 2008.12 |
|
| 页数: | 324页 | |
| 开本: | 27cm | |
| 丛书名: | ||
| 单 册: | ||
| 中图分类: | S567.024 | |
| 科图分类: | ||
| 主题词: | 药用植物--种质资源--研究 , 药用植物 , 种质资源 | |
| 电子资源: | ||
| ISBN: | 978-7-5323-9636-8 | |
| 000 | 01052nam0 2200289 450 | |
| 001 | 012004309261 | |
| 005 | 20140611152045.64 | |
| 010 | @a978-7-5323-9636-8@b精装@dCNY88.00 | |
| 100 | @a20090321d2008 em y0chiy0110 ea | |
| 101 | 0 | @achi |
| 102 | @aCN@b310000 | |
| 105 | @aak z 000yy | |
| 106 | @ar | |
| 200 | 1 | @a药用植物种质资源研究@9yao yong zhi wu zhong zhi zi yuan yan jiu@f黄璐琦,王永炎主编 |
| 210 | @a上海@c上海科学技术出版社@d2008.12 | |
| 215 | @a324页@c图@d27cm | |
| 300 | @a“十一五”国家重点图书出版规划项目 本书出版受“上海科技专著出版资金”资助 | |
| 330 | @a本书介绍了药用植物种质资源概述、研究内容和理论基础,药用植物种质资源的调查、保护与评价,生物技术在药用植物种质资源研究中的应用等内容。 | |
| 510 | 1 | @aResearch on medicinal plant germplasm resource@zeng |
| 606 | 0 | @a药用植物@x种质资源@x研究 |
| 606 | 0 | @a药用植物 |
| 606 | 0 | @a种质资源 |
| 690 | @aS567.024@v4 | |
| 701 | 0 | @a黄璐琦@9huang lu qi@4主编 |
| 701 | 0 | @a王永炎@9wang yong yan@4主编 |
| 801 | 0 | @aCN@bNLC@c20090321 |
| 905 | @b549018-20@dS567.024@e57@f3 | |
| 药用植物种质资源研究/黄璐琦,王永炎主编.-上海:上海科学技术出版社,2008.12 |
| 324页:图;27cm |
| “十一五”国家重点图书出版规划项目 本书出版受“上海科技专著出版资金”资助 |
| ISBN 978-7-5323-9636-8(精装):CNY88.00 |
| 本书介绍了药用植物种质资源概述、研究内容和理论基础,药用植物种质资源的调查、保护与评价,生物技术在药用植物种质资源研究中的应用等内容。 |
| ● |
| 相关链接 |
|
|
|
|
正题名:药用植物种质资源研究
索取号:S567.024/57
 
预约/预借
| 序号 | 登录号 | 条形码 | 馆藏地/架位号 | 状态 | 备注 |
| 1 | 549018 | 205490182 | 第二样本阅览室/ [索取号:S567.024/57] | 在馆 | |
| 2 | 549019 | 205490191 | 第三借阅区/ [索取号:S567.024/57] | 在馆 | |
| 3 | 549020 | 205490208 | 密集书库-生命科学系/ [索取号:S567.024/57] | 在馆 |